All ATP Masters 1000 Winners Quiz - Statistics

General Stats
  • This quiz has been taken 223 times
  • The average score is 43 of 72
Answer Stats
Answer % Correct
Novak Djokovic
100%
Rafael Nadal
100%
Roger Federer
100%
Andy Murray
98%
Andrei Medvedev
93%
Daniil Medvedev
93%
Pete Sampras
93%
Alexander Zverev
92%
Andre Agassi
92%
Stan Wawrinka
92%
David Ferrer
90%
Dominic Thiem
86%
Juan Martin del Potro
86%
Andy Roddick
85%
Stefanos Tsitsipas
85%
Marin Cilic
83%
Boris Becker
82%
Jo-Wilfried Tsonga
82%
John Isner
79%
Lleyton Hewitt
79%
Gustavo Kuerten
77%
Juan Carlos Ferrero
77%
Grigor Dimitrov
74%
Marat Safin
73%
Stefan Edberg
72%
Fabio Fognini
71%
Nikolay Davydenko
70%
Robin Soderling
70%
Carlos Moya
69%
David Nalbandian
68%
Hubert Hurkacz
68%
Jack Sock
66%
Goran Ivanisevic
65%
Jim Courier
65%
Patrick Rafter
65%
Tomas Berdych
65%
Cameron Norrie
64%
Michael Chang
64%
Thomas Muster
64%
Ivan Ljubicic
62%
Karen Khachanov
62%
Guillermo Coria
61%
Marcelo Rios
56%
Michael Stich
56%
Thomas Johansson
52%
Albert Costa
50%
Petr Korda
50%
Sergi Bruguera
50%
Tim Henman
47%
Alex Corretja
45%
Richard Krajicek
43%
Magnus Norman
41%
Tommy Haas
40%
Tommy Robredo
39%
Thomas Enqvist
36%
Cedric Pioline
35%
Mark Philippoussis
35%
Greg Rusedski
32%
Emilio Sanchez
29%
Guy Forget
28%
Sebastian Grosjean
27%
Andrei Chesnokov
26%
Felix Mantilla
26%
Guillermo Canas
26%
Wayne Ferreira
24%
Andrei Pavel
16%
Albert Portas
13%
Juan Aguilera
12%
Karel Novacek
11%
Mikael Pernfors
11%
Roberto Carretero
11%
Chris Woodruff
9%
No matching quizzes found
Score Distribution
Percent of People with Each Score
Percentile by Number Answered
Your Score History
You have not taken this quiz